00636nam a2200193Ia 4500008004000000020001800040041000800058082001600066100001900082245001800101260004500119300000800164650000800172650001100180690002700191906001100218999001900229952019400248210210b2019 xxu||||| |||| 00| 0 eng d a9789353026691 aeng a820.33 SINR aSINGH (Nikita) aReason is you aIndiabHarper & Collins Publishersc2019 a236 ayou aReason aIndian English Fiction a073994 c123779d123779 001040708EnglishaALbALcEnglish Literatured2021-02-17eNavakarnataka Publication Pvt Ltd Mangaloreg199.00l21m2o820.33 SINRp073994r2026-03-25 10:34:57s2026-03-12w2021-02-17yBK